| 000 | 00676nam a22002537a 4500 | ||
|---|---|---|---|
| 999 |
_c4846 _d4846 |
||
| 001 | 3863 | ||
| 003 | BD-DhUAP | ||
| 005 | 20201122153201.0 | ||
| 008 | 201122s1997 iaua b 001 0 eng | ||
| 020 | _a0697251810 | ||
| 020 | _a0697251802 | ||
| 040 |
_aDLC _cDLC _dBD-DhUAP _bEng |
||
| 082 | 0 | 0 |
_223 _a570 MAD |
| 100 | 1 |
_aMader, Sylvia S. _910624 |
|
| 245 | 1 | 0 |
_aInquiry into life / _cSylvia S. Mader. |
| 250 | _a8th ed. | ||
| 260 |
_aNew York : _bMcGraw hill, _cc1997. |
||
| 300 |
_axx, 712 pages : _billustrations ; _c28 cm. |
||
| 500 | _aIncludes index. | ||
| 650 | 0 |
_aBiology _911712 |
|
| 650 | 0 | _aInquiry (Theory of knowledge) | |
| 650 | 0 | _aLife. | |
| 942 |
_2ddc _cBK |
||